| 000 | 00367 a2200145 4500 | ||
|---|---|---|---|
| 005 | 20250625075602.0 | ||
| 020 | _a0-534-38770-5 | ||
| 082 | _a519.5 WEI | ||
| 100 | _aWEIERS, R. M. | ||
| 245 | _aIntroduction to Business Statistics | ||
| 250 | _a4th Ed. | ||
| 260 |
_aCanada, _bThomson, _c2002. |
||
| 300 |
_a311p.; ill.; figure, table _bIndex _c26cm. |
||
| 942 |
_2ddc _cBKS |
||
| 999 |
_c4946 _d4946 |
||